El proyecto " muchachos a lo bien " : culturas juveniles urbanas y convivencia democrática.

שמור ב:
מידע ביבליוגרפי
מחבר ראשי: Franco Díez, Germán (autor)
פורמט: ספר
שפה:ספרדית
סדרה:(Escuela de liderazgo democrático ; no. 14)
נושאים:
תגים: הוספת תג
אין תגיות, היה/י הראשונ/ה לתייג את הרשומה!

MARC

LEADER 00000cam^a2200000uu^4500
001 000463548
005 20250521000000.0
008 050901s1997^^^^^^^^^^^^rd^r^^000^0^spa^d
009 20260310124315.796
035 |a FCE 000006098 
035 |a FCE 024108 
037 |a Acervo ITESO - Biblioteca 
041 |a spa 
082 0 4 |a 323.042  |b E.I.D. 14 
100 |a Franco Díez, Germán  |e (autor) 
245 1 3 |a El proyecto " muchachos a lo bien " :  |b culturas juveniles urbanas y convivencia democrática. 
264 |a Bogotá :  |b Fundación social,  |c 1997. 
300 |a 14 p. 
336 |a texto  |b txt  |2 rdacontenido 
337 |a sin mediación  |b n  |2 rdamedio 
338 |a volumen  |b nc  |2 rdasoporte 
440 0 |a (Escuela de liderazgo democrático ;  |v no. 14) 
611 4 |a Conferencia 
649 |a XX 
650 |a Democracia 
650 |a Cultura popular 
650 |a Juventud 
650 |a Organización social 
650 |a Proyecto de desarrollo 
650 |a Bienestar social 
650 |a Educación para la democracia 
650 |a Colombia 
910 |a Fondo Centro de Estudios Educativos 
920 |a Impresos - Libros 
930 |a Fondos Especiales 
905 |a 133 
901 |a ALE024108  |b IT2  |c CEE  |u 20250521 
902 |a https://opac.biblio.iteso.mx/vufind/Record/000463548